00915nam a2200241 i 45000010005000000030009000050050017000140070003000310080041000340200018000750800022000932450123001152500011002382600089002493000040003384900049003785040027004276000034004547000028004887100061005168300051005778520045006286423ES-MaACL20240508105002.0t|891121s1989 sp ||||1| spa d a84-7658-186-6 a1 Zambrano, Maria00aMaría Zambrano b: premio de literatura en lengua castellana "Miguel de Cervantes" / c[Julia Castillo... (et al.)]. a1a ed. aBarcelona : bAnthropos ; Madrid : Direccion general del Libro y Bibliotecas,c1989. a143 p. : bfot. bl. y n. ; c20 cm.1 aAmbitos literarios. Premios Cervantes ; v14 aBibliogr.: p. 127-136.14aZambrano, María,d1904-19910 aCastillo, Julia,d1956-1 aEspaña. bDirección General del Libro y Bibliotecas.00aÁmbitos literarios.pPremios Cervantes ;v14 aES-MaACLjL-13601 bR.117188 z. - rust.